Statistics for Premier League Players by Name - V

Click here to take the quiz!

General Stats

  • This quiz has been taken 24 times
  • The average score is 6 of 9

Answer Stats

PositionClubNationPlayer% Correct
DFLiverpoolNetherlandsVirgil Van Dijk
100%
FWLeicester CityEnglandJamie Vardy
95%
MFManchester UnitedNetherlandsDonny Van De Beek
84%
DFManchester UnitedFranceRaphael Varane
79%
DFLeicester CityDenmarkJannik Vestergaard
53%
FWBrentfordEcuadorJoel Valencia
53%
FWBurnleyCzech RepublicMatej Vydra
47%
DFBrighton & Hove AlbionNetherlandsJoel Veltman
42%
DFSouthamptonFranceYan Valery
26%

Score Distribution

Percentile by Number Answered

Percent of People with Each Score

Your Score History

You have not taken this quiz